| 000 | 00485nam a22001697a 4500 | ||
|---|---|---|---|
| 005 | 20221208152714.0 | ||
| 008 | 221208b ||||| |||| 00| 0 eng d | ||
| 040 | _cAL | ||
| 041 | _aHindi | ||
| 082 |
_223 _aH891.4 _bTHES |
||
| 100 |
_aDattopanth Thegadi दत्तोपंत ठेंगड़ी _965168 |
||
| 245 | _aSwadeshi | ||
| 260 |
_aDelhi _bSwadeshi Jagaran Manch _c1994 |
||
| 300 |
_a19 p. _bPB _c20x14 cm. |
||
| 700 |
_aTHEGADI (Dattopanth) _965169 |
||
| 942 |
_2ddc _cGF |
||
| 999 |
_c225518 _d225518 |
||